| 000 | 00398nam a2200157Ia 4500 | ||
|---|---|---|---|
| 008 | 231217s9999 xx 000 0 und d | ||
| 020 | _a8131407241 | ||
| 041 | _aEnglish | ||
| 082 | _a658.723 BHA2;1 R | ||
| 100 | _aBhargava, Harsh. Deepak Kumar ed. | ||
| 245 | 0 | _aBPOs : processes and challenges | |
| 260 |
_c2007 _bIcfai _aHyderabad |
||
| 300 | _axii, 283 | ||
| 650 | _aBPOs | ||
| 942 | _cAA | ||
| 999 |
_c188867 _d188867 |
||